| 000 | 00589nam a2200217Ia 4500 | ||
|---|---|---|---|
| 001 | 3089 | ||
| 003 | GE_BSU | ||
| 008 | 181216s||||||||xx |||||||||||||| ||und|| | ||
| 040 | _cGE_BSU | ||
| 080 | _a665.63(035.5) | ||
| 245 | _aСправочник нефхимика .Том 2 | ||
| 245 | _bВ двух томах.Под.Куд.Огородникова,С.К | ||
| 245 | _cРед.Г.В.Дроздов,Ю.К.Кузнецов,Ю.АЛевин | ||
| 260 | _aЛ | ||
| 260 | _bХимия | ||
| 260 | _c1978 | ||
| 300 | _a592стр | ||
| 300 | _bилл. | ||
| 300 | _c22см | ||
| 942 | _cBK | ||
| 999 |
_c37133 _d37133 |
||